[Event "Deutsche Ländermeisterschaft 2025"]
[Site "Oer-Erkenschwick GER"]
[Date "2025.10.01"]
[Round "1"]
[White "Avdic, Faris"]
[Black "Atoyan, Alberto"]
[Result "1/2-1/2"]
[Termination "normal"]
[Board "3.1"]
[BlackTitle "CM"]
[WhiteElo "2281"]
[BlackElo "2302"]
[WhiteClock "00:21:58"]
[BlackClock "00:01:04"]
[WhiteTeam "Hamburg 1"]
[BlackTeam "Bayern"]
[PlyCount "75"]
[WhiteFideId "14422328"]
[BlackFideId "13314831"]
[EventCountry "GER"]
[EventRounds "7"]
[EventType "team-swiss"]
[EventDate "2025.09.30"]

1. d4 {[%clk 01:30:56]} {[%emt 00:00:03]} Nf6 {[%clk 01:30:49]} {[%emt
00:00:12]} 2. c4 {[%clk 01:31:19]} {[%emt 00:00:07]} e6 {[%clk 01:31:10]}
{[%emt 00:00:08]} 3. Nc3 {[%clk 01:31:39]} {[%emt 00:00:10]} Bb4 {[%clk
01:31:30]} {[%emt 00:00:10]} 4. f3 {[%clk 01:31:41]} {[%emt 00:00:28]} d5
{[%clk 01:31:50]} {[%emt 00:00:11]} 5. a3 {[%clk 01:32:05]} {[%emt 00:00:06]}
Bxc3+ {[%clk 01:32:11]} {[%emt 00:00:09]} 6. bxc3 {[%clk 01:32:26]} {[%emt
00:00:09]} c5 {[%clk 01:32:26]} {[%emt 00:00:16]} 7. cxd5 {[%clk 01:32:39]}
{[%emt 00:00:17]} Nxd5 {[%clk 01:32:48]} {[%emt 00:00:08]} 8. dxc5 {[%clk
01:32:51]} {[%emt 00:00:17]} Qa5 {[%clk 01:33:09]} {[%emt 00:00:09]} 9. e4
{[%clk 01:32:55]} {[%emt 00:00:26]} Nf6 {[%clk 01:33:25]} {[%emt 00:00:14]} 10.
Be3 {[%clk 01:33:11]} {[%emt 00:00:14]} O-O {[%clk 01:33:21]} {[%emt 00:00:35]}
11. Qb3 {[%clk 01:28:48]} {[%emt 00:04:53]} Nfd7 {[%clk 01:33:27]} {[%emt
00:00:23]} 12. a4 {[%clk 01:28:36]} {[%emt 00:00:43]} Qc7 {[%clk 01:32:52]}
{[%emt 00:01:06]} 13. Qa3 {[%clk 01:28:37]} {[%emt 00:00:28]} b6 {[%clk
01:31:41]} {[%emt 00:01:41]} 14. a5 {[%clk 01:27:48]} {[%emt 00:01:19]} bxc5
{[%clk 01:31:46]} {[%emt 00:00:26]} 15. Nh3 {[%clk 01:26:21]} {[%emt 00:01:57]}
Ba6 {[%clk 01:31:35]} {[%emt 00:00:42]} 16. Bxa6 {[%clk 01:23:39]} {[%emt
00:03:12]} Nxa6 {[%clk 01:31:59]} {[%emt 00:00:06]} 17. O-O {[%clk 01:24:04]}
{[%emt 00:00:06]} c4 {[%clk 01:31:53]} {[%emt 00:00:36]} 18. Qa4 {[%clk
01:14:02]} {[%emt 00:10:31]} Rab8 {[%clk 01:26:59]} {[%emt 00:05:24]} 19. Rab1
{[%clk 01:13:17]} {[%emt 00:01:14]} Ne5 {[%clk 01:15:01]} {[%emt 00:12:28]} 20.
Bd4 {[%clk 01:12:10]} {[%emt 00:01:37]} Nc5 {[%clk 00:49:38]} {[%emt 00:25:53]}
21. Bxe5 {[%clk 01:10:58]} {[%emt 00:01:43]} Qxe5 {[%clk 00:49:54]} {[%emt
00:00:13]} 22. Qxc4 {[%clk 01:11:23]} {[%emt 00:00:05]} Rbc8 {[%clk 00:48:14]}
{[%emt 00:02:10]} 23. Rfd1 {[%clk 00:58:37]} {[%emt 00:13:16]} Rc6 {[%clk
00:41:22]} {[%emt 00:07:23]} 24. Rd7 {[%clk 00:51:23]} {[%emt 00:07:43]} Nxd7
{[%clk 00:36:02]} {[%emt 00:05:50]} 25. Qxc6 {[%clk 00:51:44]} {[%emt
00:00:09]} Nc5 {[%clk 00:34:47]} {[%emt 00:01:45]} 26. Nf2 {[%clk 00:32:56]}
{[%emt 00:19:19]} Qxc3 {[%clk 00:33:00]} {[%emt 00:02:16]} 27. Qc7 {[%clk
00:33:08]} {[%emt 00:00:18]} a6 {[%clk 00:20:58]} {[%emt 00:12:32]} 28. h3
{[%clk 00:29:21]} {[%emt 00:04:17]} h6 {[%clk 00:13:27]} {[%emt 00:08:02]} 29.
Kh2 {[%clk 00:25:19]} {[%emt 00:04:32]} Qc2 {[%clk 00:11:46]} {[%emt 00:02:10]}
30. Rf1 {[%clk 00:23:28]} {[%emt 00:02:20]} Re8 {[%clk 00:05:52]} {[%emt
00:06:24]} 31. Ng4 {[%clk 00:22:58]} {[%emt 00:01:00]} Rf8 {[%clk 00:02:26]}
{[%emt 00:03:57]} 32. Ne5 {[%clk 00:22:28]} {[%emt 00:01:00]} Qe2 {[%clk
00:01:54]} {[%emt 00:01:02]} 33. Rb1 {[%clk 00:22:44]} {[%emt 00:00:13]} Qe3
{[%clk 00:01:55]} {[%emt 00:00:31]} 34. Nc4 {[%clk 00:21:34]} {[%emt 00:01:39]}
Qd3 {[%clk 00:01:42]} {[%emt 00:00:43]} 35. Rb8 {[%clk 00:21:36]} {[%emt
00:00:28]} Rxb8 {[%clk 00:00:49]} {[%emt 00:01:23]} 36. Qxb8+ {[%clk 00:21:55]}
{[%emt 00:00:10]} Kh7 {[%clk 00:01:19]} {[%emt 00:00:01]} 37. Ne5 {[%clk
00:22:14]} {[%emt 00:00:11]} Nd7 {[%clk 00:01:04]} {[%emt 00:00:45]} 38. Nxd7
{[%clk 00:21:58]} {[%emt 00:00:45]} 1/2-1/2

[Event "Deutsche Ländermeisterschaft 2025"]
[Site "Oer-Erkenschwick GER"]
[Date "2025.10.01"]
[Round "1"]
[White "Mohylnyi, Stepan"]
[Black "Fuhrmann, Bahne"]
[Result "0-1"]
[Termination "normal"]
[Board "3.2"]
[WhiteTitle "FM"]
[BlackTitle "FM"]
[WhiteElo "2275"]
[BlackElo "2225"]
[WhiteClock "00:20:51"]
[BlackClock "00:36:19"]
[WhiteTeam "Bayern"]
[BlackTeam "Hamburg 1"]
[PlyCount "104"]
[WhiteFideId "34127836"]
[BlackFideId "16244842"]
[EventCountry "GER"]
[EventRounds "7"]
[EventType "team-swiss"]
[EventDate "2025.09.30"]

1. e4 {[%clk 01:30:56]} {[%emt 00:00:03]} e5 {[%clk 01:30:50]} {[%emt
00:00:11]} 2. Nf3 {[%clk 01:31:22]} {[%emt 00:00:04]} Nc6 {[%clk 01:31:16]}
{[%emt 00:00:04]} 3. d4 {[%clk 01:31:31]} {[%emt 00:00:21]} exd4 {[%clk
01:31:40]} {[%emt 00:00:06]} 4. Nxd4 {[%clk 01:31:58]} {[%emt 00:00:03]} Qf6
{[%clk 01:32:02]} {[%emt 00:00:07]} 5. Be3 {[%clk 01:31:30]} {[%emt 00:00:59]}
Bc5 {[%clk 01:32:23]} {[%emt 00:00:09]} 6. c3 {[%clk 01:31:57]} {[%emt
00:00:04]} d6 {[%clk 01:32:45]} {[%emt 00:00:08]} 7. Bc4 {[%clk 01:30:31]}
{[%emt 00:01:56]} Qg6 {[%clk 01:32:43]} {[%emt 00:00:32]} 8. O-O {[%clk
01:26:05]} {[%emt 00:04:55]} Ne5 {[%clk 01:32:47]} {[%emt 00:00:26]} 9. Be2
{[%clk 01:26:25]} {[%emt 00:00:09]} Qxe4 {[%clk 01:18:30]} {[%emt 00:14:48]}
10. Nd2 {[%clk 01:26:45]} {[%emt 00:00:10]} Qg6 {[%clk 01:18:29]} {[%emt
00:00:31]} 11. Bh5 {[%clk 01:23:54]} {[%emt 00:03:22]} Qd3 {[%clk 01:14:34]}
{[%emt 00:04:25]} 12. Be2 {[%clk 01:10:33]} {[%emt 00:13:51]} Qg6 {[%clk
01:14:54]} {[%emt 00:00:10]} 13. f4 {[%clk 01:01:47]} {[%emt 00:09:16]} Ng4
{[%clk 01:11:02]} {[%emt 00:04:22]} 14. Bxg4 {[%clk 00:48:41]} {[%emt
00:13:37]} Qxg4 {[%clk 01:10:39]} {[%emt 00:00:52]} 15. Qxg4 {[%clk 00:45:01]}
{[%emt 00:04:10]} Bxg4 {[%clk 01:11:02]} {[%emt 00:00:08]} 16. f5 {[%clk
00:45:30]} {[%emt 00:00:01]} f6 {[%clk 01:04:32]} {[%emt 00:06:59]} 17. Rae1
{[%clk 00:45:17]} {[%emt 00:00:43]} Bxd4 {[%clk 01:03:45]} {[%emt 00:01:18]}
18. Bxd4+ {[%clk 00:44:42]} {[%emt 00:01:05]} Kd7 {[%clk 01:04:05]} {[%emt
00:00:10]} 19. Re4 {[%clk 00:42:55]} {[%emt 00:02:17]} Nh6 {[%clk 01:03:32]}
{[%emt 00:01:02]} 20. Be3 {[%clk 00:33:05]} {[%emt 00:10:20]} Bxf5 {[%clk
00:56:13]} {[%emt 00:07:49]} 21. Rb4 {[%clk 00:32:13]} {[%emt 00:01:22]} Ng4
{[%clk 00:53:48]} {[%emt 00:02:54]} 22. Bd4 {[%clk 00:24:55]} {[%emt 00:07:48]}
Be6 {[%clk 00:49:44]} {[%emt 00:04:34]} 23. Rxb7 {[%clk 00:19:52]} {[%emt
00:05:33]} Rhb8 {[%clk 00:39:11]} {[%emt 00:11:03]} 24. Rxb8 {[%clk 00:17:19]}
{[%emt 00:03:03]} Rxb8 {[%clk 00:39:37]} {[%emt 00:00:04]} 25. b3 {[%clk
00:15:25]} {[%emt 00:02:24]} c5 {[%clk 00:36:09]} {[%emt 00:03:58]} 26. Bf2
{[%clk 00:15:50]} {[%emt 00:00:04]} Nxf2 {[%clk 00:36:33]} {[%emt 00:00:05]}
27. Kxf2 {[%clk 00:16:17]} {[%emt 00:00:03]} a5 {[%clk 00:36:24]} {[%emt
00:00:39]} 28. c4 {[%clk 00:11:27]} {[%emt 00:05:20]} Bf7 {[%clk 00:34:13]}
{[%emt 00:02:41]} 29. Ne4 {[%clk 00:11:29]} {[%emt 00:00:29]} Bg6 {[%clk
00:34:14]} {[%emt 00:00:29]} 30. Nc3 {[%clk 00:11:52]} {[%emt 00:00:07]} Re8
{[%clk 00:34:24]} {[%emt 00:00:19]} 31. Rd1 {[%clk 00:12:00]} {[%emt 00:00:22]}
Kc6 {[%clk 00:31:35]} {[%emt 00:03:19]} 32. Nb5 {[%clk 00:11:23]} {[%emt
00:01:07]} Re6 {[%clk 00:31:57]} {[%emt 00:00:08]} 33. Na7+ {[%clk 00:11:03]}
{[%emt 00:00:50]} Kd7 {[%clk 00:32:18]} {[%emt 00:00:09]} 34. Nb5 {[%clk
00:11:31]} {[%emt 00:00:03]} Be4 {[%clk 00:32:19]} {[%emt 00:00:29]} 35. Rd2
{[%clk 00:10:48]} {[%emt 00:01:12]} Bc6 {[%clk 00:32:30]} {[%emt 00:00:19]} 36.
a4 {[%clk 00:11:13]} {[%emt 00:00:06]} f5 {[%clk 00:28:10]} {[%emt 00:04:50]}
37. h4 {[%clk 00:05:09]} {[%emt 00:06:34]} f4 {[%clk 00:27:27]} {[%emt
00:01:13]} 38. h5 {[%clk 00:04:07]} {[%emt 00:01:33]} g6 {[%clk 00:19:32]}
{[%emt 00:08:25]} 39. hxg6 {[%clk 00:02:00]} {[%emt 00:02:37]} hxg6 {[%clk
00:19:53]} {[%emt 00:00:09]} 40. Rd3 {[%clk 00:00:35]} {[%emt 00:01:55]} Be4
{[%clk 00:12:03]} {[%emt 00:08:19]} 41. Rd2 {[%clk 00:00:34]} {[%emt 00:00:32]}
g5 {[%clk 00:11:27]} {[%emt 00:01:05]} 42. Nc3 {[%clk 00:26:28]} {[%emt
00:04:36]} g4 {[%clk 00:37:37]} {[%emt 00:04:20]} 43. Nxe4 {[%clk 00:21:31]}
{[%emt 00:05:28]} Rxe4 {[%clk 00:37:57]} {[%emt 00:00:10]} 44. Rd5 {[%clk
00:21:47]} {[%emt 00:00:13]} Re3 {[%clk 00:36:44]} {[%emt 00:01:43]} 45. Rf5
{[%clk 00:21:19]} {[%emt 00:00:58]} g3+ {[%clk 00:37:02]} {[%emt 00:00:12]} 46.
Kf1 {[%clk 00:21:47]} {[%emt 00:00:02]} Rxb3 {[%clk 00:37:04]} {[%emt
00:00:29]} 47. Rxf4 {[%clk 00:22:12]} {[%emt 00:00:06]} Ra3 {[%clk 00:37:05]}
{[%emt 00:00:28]} 48. Rg4 {[%clk 00:20:32]} {[%emt 00:02:09]} Rxa4 {[%clk
00:37:29]} {[%emt 00:00:07]} 49. Rxg3 {[%clk 00:20:59]} {[%emt 00:00:03]} Rxc4
{[%clk 00:37:52]} {[%emt 00:00:07]} 50. Ke2 {[%clk 00:21:28]} {[%emt 00:00:01]}
a4 {[%clk 00:36:58]} {[%emt 00:01:25]} 51. Kd2 {[%clk 00:20:36]} {[%emt
00:01:21]} Kc6 {[%clk 00:36:59]} {[%emt 00:00:29]} 52. Rg8 {[%clk 00:20:51]}
{[%emt 00:00:16]} a3 {[%clk 00:36:19]} {[%emt 00:01:10]} 0-1

[Event "Deutsche Ländermeisterschaft 2025"]
[Site "Oer-Erkenschwick GER"]
[Date "2025.10.01"]
[Round "1"]
[White "Eberle, Triona"]
[Black "Duong, Quang Bach"]
[Result "1/2-1/2"]
[Termination "normal"]
[Board "3.3"]
[WhiteElo "2010"]
[BlackElo "2210"]
[WhiteClock "00:12:05"]
[BlackClock "00:04:09"]
[WhiteTeam "Hamburg 1"]
[BlackTeam "Bayern"]
[PlyCount "133"]
[WhiteFideId "34627731"]
[BlackFideId "16287045"]
[EventCountry "GER"]
[EventRounds "7"]
[EventType "team-swiss"]
[EventDate "2025.09.30"]

1. e4 {[%clk 01:30:57]} {[%emt 00:00:01]} c5 {[%clk 01:30:51]} {[%emt
00:00:10]} 2. Nf3 {[%clk 01:31:22]} {[%emt 00:00:04]} d6 {[%clk 01:31:18]}
{[%emt 00:00:03]} 3. d4 {[%clk 01:31:46]} {[%emt 00:00:06]} cxd4 {[%clk
01:31:44]} {[%emt 00:00:03]} 4. Nxd4 {[%clk 01:32:12]} {[%emt 00:00:05]} Nf6
{[%clk 01:32:11]} {[%emt 00:00:03]} 5. Nc3 {[%clk 01:32:30]} {[%emt 00:00:12]}
Nc6 {[%clk 01:32:38]} {[%emt 00:00:02]} 6. Bg5 {[%clk 01:32:51]} {[%emt
00:00:09]} e6 {[%clk 01:33:04]} {[%emt 00:00:04]} 7. Qd2 {[%clk 01:33:04]}
{[%emt 00:00:17]} a6 {[%clk 01:33:29]} {[%emt 00:00:05]} 8. Nxc6 {[%clk
01:33:26]} {[%emt 00:00:08]} bxc6 {[%clk 01:33:54]} {[%emt 00:00:05]} 9. O-O-O
{[%clk 01:33:48]} {[%emt 00:00:08]} Be7 {[%clk 01:34:21]} {[%emt 00:00:03]} 10.
g4 {[%clk 01:34:10]} {[%emt 00:00:09]} Bb7 {[%clk 01:15:32]} {[%emt 00:19:19]}
11. Rg1 {[%clk 01:29:33]} {[%emt 00:05:07]} Qc7 {[%clk 01:10:55]} {[%emt
00:05:06]} 12. Bxf6 {[%clk 01:29:30]} {[%emt 00:00:33]} gxf6 {[%clk 01:11:07]}
{[%emt 00:00:18]} 13. f4 {[%clk 01:29:37]} {[%emt 00:00:23]} O-O-O {[%clk
01:06:33]} {[%emt 00:05:05]} 14. Bg2 {[%clk 01:28:17]} {[%emt 00:01:50]} Kb8
{[%clk 01:01:56]} {[%emt 00:05:06]} 15. h4 {[%clk 01:24:22]} {[%emt 00:04:26]}
h6 {[%clk 01:00:15]} {[%emt 00:02:11]} 16. Kb1 {[%clk 01:21:15]} {[%emt
00:03:36]} d5 {[%clk 00:56:49]} {[%emt 00:03:56]} 17. Qf2 {[%clk 01:20:31]}
{[%emt 00:01:14]} Qa5 {[%clk 00:53:26]} {[%emt 00:03:53]} 18. Qf3 {[%clk
01:14:16]} {[%emt 00:06:46]} d4 {[%clk 00:49:57]} {[%emt 00:03:59]} 19. Ne2
{[%clk 01:13:28]} {[%emt 00:01:18]} c5 {[%clk 00:49:40]} {[%emt 00:00:47]} 20.
Nc1 {[%clk 01:09:49]} {[%emt 00:04:08]} c4 {[%clk 00:47:03]} {[%emt 00:03:07]}
21. Qe2 {[%clk 01:09:50]} {[%emt 00:00:30]} Qb4 {[%clk 00:42:55]} {[%emt
00:04:37]} 22. e5 {[%clk 01:08:35]} {[%emt 00:01:45]} Bxg2 {[%clk 00:41:23]}
{[%emt 00:02:02]} 23. Rxg2 {[%clk 01:08:49]} {[%emt 00:00:16]} Rd5 {[%clk
00:40:48]} {[%emt 00:01:04]} 24. exf6 {[%clk 01:07:10]} {[%emt 00:02:10]} Bxf6
{[%clk 00:39:30]} {[%emt 00:01:49]} 25. g5 {[%clk 01:07:28]} {[%emt 00:00:12]}
hxg5 {[%clk 00:35:28]} {[%emt 00:04:32]} 26. fxg5 {[%clk 01:03:43]} {[%emt
00:04:14]} Be5 {[%clk 00:33:34]} {[%emt 00:02:23]} 27. c3 {[%clk 01:03:42]}
{[%emt 00:00:32]} Qc5 {[%clk 00:29:12]} {[%emt 00:04:51]} 28. cxd4 {[%clk
01:00:11]} {[%emt 00:04:01]} Bxd4 {[%clk 00:29:16]} {[%emt 00:00:26]} 29. h5
{[%clk 01:00:03]} {[%emt 00:00:40]} Be3 {[%clk 00:25:35]} {[%emt 00:04:10]} 30.
Rxd5 {[%clk 00:59:45]} {[%emt 00:00:48]} exd5 {[%clk 00:25:55]} {[%emt
00:00:11]} 31. g6 {[%clk 00:59:47]} {[%emt 00:00:27]} fxg6 {[%clk 00:26:07]}
{[%emt 00:00:18]} 32. Rxg6 {[%clk 00:59:54]} {[%emt 00:00:23]} d4 {[%clk
00:25:28]} {[%emt 00:01:09]} 33. Qh2+ {[%clk 00:54:17]} {[%emt 00:06:08]} Ka7
{[%clk 00:25:10]} {[%emt 00:00:46]} 34. Rg7+ {[%clk 00:52:10]} {[%emt
00:02:38]} Kb6 {[%clk 00:25:30]} {[%emt 00:00:08]} 35. Qh1 {[%clk 00:50:26]}
{[%emt 00:02:17]} Qc6 {[%clk 00:18:28]} {[%emt 00:07:31]} 36. Qd1 {[%clk
00:45:45]} {[%emt 00:05:11]} Rh6 {[%clk 00:15:40]} {[%emt 00:03:18]} 37. a3
{[%clk 00:28:45]} {[%emt 00:17:30]} d3 {[%clk 00:06:57]} {[%emt 00:09:13]} 38.
Rg3 {[%clk 00:25:29]} {[%emt 00:03:47]} Qe4 {[%clk 00:04:57]} {[%emt 00:02:29]}
39. Na2 {[%clk 00:22:58]} {[%emt 00:03:01]} Bd4 {[%clk 00:03:23]} {[%emt
00:02:04]} 40. Nb4 {[%clk 00:19:45]} {[%emt 00:03:44]} Re6 {[%clk 00:02:17]}
{[%emt 00:01:35]} 41. Nxd3 {[%clk 00:06:27]} {[%emt 00:13:48]} Be5 {[%clk
00:26:06]} {[%emt 00:06:41]} 42. Qg1+ {[%clk 00:29:08]} {[%emt 00:07:50]} Bd4
{[%clk 00:26:11]} {[%emt 00:00:25]} 43. Qd1 {[%clk 00:28:35]} {[%emt 00:01:02]}
Bf2 {[%clk 00:23:07]} {[%emt 00:03:33]} 44. Rf3 {[%clk 00:28:04]} {[%emt
00:01:03]} Be3 {[%clk 00:23:31]} {[%emt 00:00:05]} 45. Rxe3 {[%clk 00:27:16]}
{[%emt 00:01:19]} Qxe3 {[%clk 00:23:56]} {[%emt 00:00:04]} 46. Nc1 {[%clk
00:27:37]} {[%emt 00:00:09]} Kc5 {[%clk 00:23:47]} {[%emt 00:00:38]} 47. Qd8
{[%clk 00:26:53]} {[%emt 00:01:14]} Qe4+ {[%clk 00:22:48]} {[%emt 00:01:29]}
48. Ka2 {[%clk 00:25:59]} {[%emt 00:01:25]} Qd5 {[%clk 00:21:54]} {[%emt
00:01:20]} 49. Qa5+ {[%clk 00:26:04]} {[%emt 00:00:28]} Kd4 {[%clk 00:21:20]}
{[%emt 00:01:04]} 50. Qd2+ {[%clk 00:25:26]} {[%emt 00:01:09]} Ke5 {[%clk
00:21:33]} {[%emt 00:00:15]} 51. Qg5+ {[%clk 00:25:22]} {[%emt 00:00:35]} Kd6
{[%clk 00:21:36]} {[%emt 00:00:26]} 52. Qd8+ {[%clk 00:25:36]} {[%emt
00:00:16]} Kc6 {[%clk 00:22:01]} {[%emt 00:00:05]} 53. Qa8+ {[%clk 00:25:04]}
{[%emt 00:01:03]} Kc5 {[%clk 00:22:08]} {[%emt 00:00:18]} 54. Qf8+ {[%clk
00:24:43]} {[%emt 00:00:56]} Kb5 {[%clk 00:18:15]} {[%emt 00:04:22]} 55. h6
{[%clk 00:21:22]} {[%emt 00:03:52]} c3+ {[%clk 00:16:05]} {[%emt 00:02:40]} 56.
Nb3 {[%clk 00:21:47]} {[%emt 00:00:05]} cxb2 {[%clk 00:14:30]} {[%emt
00:02:05]} 57. Qb4+ {[%clk 00:20:11]} {[%emt 00:02:05]} Kc6 {[%clk 00:14:52]}
{[%emt 00:00:08]} 58. Qc3+ {[%clk 00:19:37]} {[%emt 00:01:05]} Kb6 {[%emt
00:07:10]} 59. a4 {[%clk 00:16:52]} {[%emt 00:00:19]} b1=Q+ {[%clk 00:07:59]}
{[%emt 00:03:39]} 60. Kxb1 {[%clk 00:15:21]} {[%emt 00:02:00]} Qe4+ {[%clk
00:08:15]} {[%emt 00:00:13]} 61. Kb2 {[%clk 00:14:51]} {[%emt 00:01:00]} Qe5
{[%clk 00:03:54]} {[%emt 00:04:52]} 62. a5+ {[%clk 00:14:47]} {[%emt 00:00:34]}
Ka7 {[%clk 00:04:07]} {[%emt 00:00:15]} 63. Nd4 {[%clk 00:14:40]} {[%emt
00:00:39]} Qh2+ {[%clk 00:03:58]} {[%emt 00:00:38]} 64. Kb3 {[%clk 00:13:03]}
{[%emt 00:02:08]} Qb8+ {[%clk 00:04:02]} {[%emt 00:00:25]} 65. Kc2 {[%clk
00:11:39]} {[%emt 00:01:55]} Qh2+ {[%clk 00:04:08]} {[%emt 00:00:23]} 66. Kb3
{[%clk 00:11:42]} {[%emt 00:00:28]} Qb8+ {[%clk 00:04:09]} {[%emt 00:00:28]}
67. Kc2 {[%clk 00:12:05]} {[%emt 00:00:08]} 1/2-1/2

[Event "Deutsche Ländermeisterschaft 2025"]
[Site "Oer-Erkenschwick GER"]
[Date "2025.10.01"]
[Round "1"]
[White "Ratushnyi, Viktor"]
[Black "Andersen, Jonathan"]
[Result "1-0"]
[Termination "normal"]
[Board "3.4"]
[WhiteElo "2087"]
[BlackElo "1886"]
[WhiteClock "00:25:39"]
[BlackClock "00:30:34"]
[WhiteTeam "Bayern"]
[BlackTeam "Hamburg 1"]
[PlyCount "83"]
[WhiteFideId "34167293"]
[BlackFideId "34623884"]
[EventCountry "GER"]
[EventRounds "7"]
[EventType "team-swiss"]
[EventDate "2025.09.30"]

1. d4 {[%clk 01:30:51]} {[%emt 00:00:08]} Nf6 {[%clk 01:30:52]} {[%emt
00:00:09]} 2. c4 {[%clk 01:31:15]} {[%emt 00:00:06]} g6 {[%clk 01:31:18]}
{[%emt 00:00:04]} 3. Nc3 {[%clk 01:31:30]} {[%emt 00:00:15]} d5 {[%clk
01:31:38]} {[%emt 00:00:10]} 4. Nf3 {[%clk 01:31:10]} {[%emt 00:00:50]} Bg7
{[%clk 01:31:55]} {[%emt 00:00:13]} 5. Bg5 {[%clk 01:31:21]} {[%emt 00:00:18]}
Ne4 {[%clk 01:31:38]} {[%emt 00:00:47]} 6. cxd5 {[%clk 01:31:28]} {[%emt
00:00:24]} Nxg5 {[%clk 01:14:06]} {[%emt 00:18:02]} 7. Nxg5 {[%clk 01:31:55]}
{[%emt 00:00:02]} e6 {[%clk 01:14:25]} {[%emt 00:00:11]} 8. Nf3 {[%clk
01:32:20]} {[%emt 00:00:05]} exd5 {[%clk 01:14:47]} {[%emt 00:00:09]} 9. e3
{[%clk 01:32:31]} {[%emt 00:00:19]} O-O {[%clk 01:09:27]} {[%emt 00:05:50]} 10.
Bd3 {[%clk 01:32:50]} {[%emt 00:00:11]} Re8 {[%clk 01:08:48]} {[%emt 00:01:09]}
11. O-O {[%clk 01:31:54]} {[%emt 00:01:26]} c6 {[%clk 01:09:00]} {[%emt
00:00:18]} 12. b4 {[%clk 01:28:07]} {[%emt 00:04:17]} a5 {[%clk 00:55:20]}
{[%emt 00:14:10]} 13. a3 {[%clk 01:23:27]} {[%emt 00:05:10]} Qd6 {[%clk
00:38:37]} {[%emt 00:17:12]} 14. Qb3 {[%clk 01:17:58]} {[%emt 00:05:59]} Bg4
{[%clk 00:33:34]} {[%emt 00:05:34]} 15. Nd2 {[%clk 01:14:01]} {[%emt 00:04:26]}
Nd7 {[%clk 00:33:16]} {[%emt 00:00:49]} 16. Rfc1 {[%clk 01:06:55]} {[%emt
00:07:36]} Be6 {[%clk 00:28:59]} {[%emt 00:04:47]} 17. Rab1 {[%clk 00:44:35]}
{[%emt 00:22:50]} b6 {[%clk 00:27:46]} {[%emt 00:01:43]} 18. Na4 {[%clk
00:31:13]} {[%emt 00:13:51]} Reb8 {[%clk 00:26:21]} {[%emt 00:01:55]} 19. Qc2
{[%clk 00:27:41]} {[%emt 00:04:02]} axb4 {[%clk 00:25:50]} {[%emt 00:01:01]}
20. axb4 {[%clk 00:28:05]} {[%emt 00:00:07]} Rc8 {[%clk 00:24:22]} {[%emt
00:01:58]} 21. h3 {[%clk 00:26:12]} {[%emt 00:02:22]} Ra7 {[%clk 00:22:11]}
{[%emt 00:02:42]} 22. Nf3 {[%clk 00:24:33]} {[%emt 00:02:08]} f5 {[%clk
00:20:25]} {[%emt 00:02:17]} 23. Nc3 {[%clk 00:23:27]} {[%emt 00:01:35]} Nf6
{[%clk 00:17:03]} {[%emt 00:03:53]} 24. Ne2 {[%clk 00:20:33]} {[%emt 00:03:23]}
Ne4 {[%clk 00:16:58]} {[%emt 00:00:36]} 25. Nf4 {[%clk 00:20:10]} {[%emt
00:00:53]} Bd7 {[%clk 00:16:41]} {[%emt 00:00:47]} 26. h4 {[%clk 00:15:33]}
{[%emt 00:05:07]} h6 {[%clk 00:11:54]} {[%emt 00:05:16]} 27. b5 {[%clk
00:08:56]} {[%emt 00:07:08]} c5 {[%clk 00:09:10]} {[%emt 00:03:15]} 28. dxc5
{[%clk 00:05:09]} {[%emt 00:04:17]} Rxc5 {[%clk 00:07:16]} {[%emt 00:02:24]}
29. Qb3 {[%clk 00:04:30]} {[%emt 00:01:09]} Rxc1+ {[%clk 00:06:06]} {[%emt
00:01:41]} 30. Rxc1 {[%clk 00:04:59]} Ra3 {[%clk 00:06:27]} {[%emt 00:00:08]}
31. Qc2 {[%clk 00:02:46]} {[%emt 00:02:43]} Nc3 {[%clk 00:05:24]} {[%emt
00:01:32]} 32. Qd2 {[%clk 00:02:04]} {[%emt 00:01:13]} Ra2 {[%clk 00:04:52]}
{[%emt 00:01:03]} 33. Qe1 {[%clk 00:01:40]} {[%emt 00:00:53]} Kh7 {[%clk
00:04:20]} {[%emt 00:01:02]} 34. Rxc3 {[%clk 00:01:20]} {[%emt 00:00:51]} Bxc3
{[%clk 00:04:36]} {[%emt 00:00:14]} 35. Qxc3 {[%clk 00:01:49]} {[%emt
00:00:01]} Ra5 {[%clk 00:04:24]} {[%emt 00:00:42]} 36. Nd4 {[%clk 00:01:26]}
{[%emt 00:00:52]} Ra3 {[%clk 00:04:46]} {[%emt 00:00:09]} 37. Qc2 {[%clk
00:00:53]} {[%emt 00:01:03]} Ra1+ {[%clk 00:05:00]} {[%emt 00:00:16]} 38. Bf1
{[%clk 00:00:39]} {[%emt 00:00:44]} Kg8 {[%clk 00:00:53]} {[%emt 00:04:36]} 39.
Qb3 {[%clk 00:00:47]} {[%emt 00:00:22]} Qc7 {[%clk 00:00:39]} {[%emt 00:00:45]}
40. Qxd5+ {[%clk 00:00:53]} {[%emt 00:00:24]} Kh8 {[%clk 00:00:37]} {[%emt
00:00:32]} 41. Nxg6+ {[%clk 00:26:25]} {[%emt 00:04:57]} Kh7 {[%clk 00:30:34]}
{[%emt 00:00:33]} 42. Qxd7+ {[%clk 00:25:39]} {[%emt 00:01:16]} 1-0